Five centuries of maps & map-making (Record no. 113139)

MARC details
000 -LEADER
fixed length control field 00622cam a22001815a 4500
001 - CONTROL NUMBER
control field L154763
008 - FIXED-LENGTH DATA ELEMENTS--GENERAL INFORMATION
fixed length control field 120117s1953 xxk f 000 0 eng d
035 ## - SYSTEM CONTROL NUMBER
System control number (Sirsi) u154763
041 0# - LANGUAGE CODE
Language code of text/sound track or separate title eng
110 2# - MAIN ENTRY--CORPORATE NAME
Corporate name or jurisdiction name as entry element Royal Institution of Chartered Surveyors
9 (RLIN) 4900
245 00 - TITLE STATEMENT
Title Five centuries of maps & map-making
Remainder of title an exhibition at 12 Great George Street, Westminster S.W.1
260 ## - PUBLICATION, DISTRIBUTION, ETC.
Place of publication, distribution, etc. London
Name of publisher, distributor, etc. RICS
Date of publication, distribution, etc. 1953
300 ## - PHYSICAL DESCRIPTION
Extent 127p.
Other physical details ill.
Dimensions 25cm.
520 ## - SUMMARY, ETC.
Summary, etc. Catalogue of an exhibition of maps held at the RICS headquarters from 10 June to 4 July 1953.
651 #4 - SUBJECT ADDED ENTRY--GEOGRAPHIC NAME
Geographic name United Kingdom
Chronological subdivision
690 ## - LOCAL SUBJECT ADDED ENTRY--TOPICAL TERM (OCLC, RLIN)
Topical term or geographic name as entry element Measurement
9 (RLIN) 6256
942 ## - ADDED ENTRY ELEMENTS (KOHA)
Suppress in OPAC 0
Holdings
Withdrawn status Lost status Source of classification or shelving scheme Damaged status Not for loan Home library Current library Shelving location Date acquired Total Checkouts Full call number Barcode Date last seen Copy number Price effective from Koha item type
    Dewey Decimal Classification     Historic collection Historic collection RICS Boxes 17/01/2012   RICS 1953/2 30077115 06/08/2019 1 06/08/2019 Archive